Low-input sustainable crop production systems in Asia: Proceedings of the First Asian Crop Science Conference (September 24-28, 1992 Seoul, Korea)
Spremljeno u:
| Format: | Knjiga |
|---|---|
| Jezik: | Undetermined |
| Izdano: |
Seoul
Korean Society of Crop Science
1993
|
| Teme: | |
| Oznake: |
Dodaj oznaku
Bez oznaka, Budi prvi tko označuje ovaj zapis!
|
| Thư viện lưu trữ: | Trung tâm Học liệu Trường Đại học Cần Thơ |
|---|
| LEADER | 00588nam a2200169Ia 4500 | ||
|---|---|---|---|
| 001 | CTU_168057 | ||
| 008 | 210402s9999 xx 000 0 und d | ||
| 082 | |a 338.1 | ||
| 082 | |b L912 | ||
| 245 | 0 | |a Low-input sustainable crop production systems in Asia: | |
| 245 | 0 | |b Proceedings of the First Asian Crop Science Conference (September 24-28, 1992 Seoul, Korea) | |
| 260 | |a Seoul | ||
| 260 | |b Korean Society of Crop Science | ||
| 260 | |c 1993 | ||
| 650 | |a Agriculture,Kinh tế nông nghiệp | ||
| 650 | |x Economics aspect | ||
| 980 | |a Trung tâm Học liệu Trường Đại học Cần Thơ | ||